| Tag |
First Indicator |
Second Indicator |
Subfields |
| LEADER |
00000cam a2200000 4500 |
| 001 |
in00001871237 |
| 006 |
m | d | |
| 007 |
cr |n||||||||n |
| 008 |
790703s1713 enk|||| s 00||||eng d |
| 005 |
20260413203045.4 |
| 035 |
|
|
|a (CStRLIN)ESTCT45207
|
| 040 |
|
|
|a Uk-ES
|c Uk-ES
|d Cu-RivES
|d CStRLIN
|d Thomson Gale
|d UtOrBLW
|
| 100 |
1 |
|
|a Echard, Laurence,
|d 1670?-1730.
|
| 240 |
1 |
0 |
|a Roman history.
|p Vol.5
|
| 245 |
1 |
4 |
|a The Roman history :
|b from the restitution of the empire by Charles the Great, to the taking of Constantinople by the Turks. ... Vol. V. and last. By the author of the third and fourth. Revis'd by Laurence Echard, A.M. Being a further continuation of his history.
|
| 250 |
|
|
|a The third edition.
|
| 264 |
|
3 |
|a London :
|b printed for R. Bonwicke, J. Tonson, W. Freeman, Tim. Goodwin, J. Walthoe [and 6 others in London],
|c 1713.
|
| 300 |
|
|
|a volumes 5(10 unnumbered pages, 425, 7 unnumbered pages) ;
|c 8⁰.
|
| 336 |
|
|
|a text
|b txt
|2 rdacontent
|
| 337 |
|
|
|a computer
|b c
|2 rdamedia
|
| 338 |
|
|
|a online resource
|b cr
|2 rdacarrier
|
| 500 |
|
|
|a Titlepage in red and black.
|
| 500 |
|
|
|a With an additional titlepage, engraved.
|
| 500 |
|
|
|a With an index.
|
| 500 |
|
|
|a Reproduction of original from the British Library.
|
| 510 |
4 |
|
|a English Short Title Catalog,
|c ESTCT45207.
|
| 533 |
|
|
|a Electronic reproduction.
|b Farmington Hills, Mich. :
|c Thomson Gale,
|d 2003.
|n Available via the World Wide Web.
|n Access limited by licensing agreements
|7 s2003 miunns
|
| 500 |
|
|
|a Electronic resource.
|
| 830 |
|
0 |
|a Eighteenth century collections online.
|
| 856 |
4 |
0 |
|u http://proxy.library.tamu.edu/login?url=https://galenet.galegroup.com/servlet/ECCO?c=1&stp=Author&ste=11&af=BN&ae=T045207&tiPG=1&dd=0&dc=flc&docNum=CW101382109&vrsn=1.0&srchtp=a&d4=0.33&n=10&SU=0LRH&locID=txshracd2898
|z Full text online
|t 0
|
| 999 |
|
|
|a MARS
|
| 999 |
f |
f |
|s aed91a46-6f3c-3aa3-b674-58bf4a56e1de
|i 71b7c46a-817e-309e-b4b1-01e28a9ab1ae
|t 0
|
| 952 |
f |
f |
|a Texas A&M University
|b College Station
|c Electronic Resources
|s www_evans
|d Available Online
|t 0
|h No information provided
|
| 998 |
f |
f |
|t 0
|l Available Online
|